00684nam a2200229 a 4500001001300000003000900013005001700022008004100039020001000080082001300090245004300103260005000146300000900196500003500205505001000240650002400250710003200274902000800306942000700314952011600321999001700437nice12345678IN_TiNIC20260116015206.0050524s1978 newa grp 000 0 eng  ac10000a225bIBS aHoly Bibleb New International Version aNew JerseybInternational Bible Societyc1978 a207p aincludes index and biblioraphy2 aIndex aBible-New Testament2 aInternational Bible Society bSRS cBK 001040708StackRoom-aHMIbHMId2007-06-19g100.00l0o225 IBSp11000360r2007-06-19v100.00w2005-05-24yBK c18692d18692